Movies Quiz

Random Movies or Star Wars Quiz

Star Wars Starships Quiz Stats

 Plays Quiz Updated Mar 9, 2012

Challenge
Share
Tweet
Score 0/20 Timer 05:00
3 Plays Today
# Starship % Correct
1T-65 X-wing starfighter
97.3%
20BTL Y-wing starfighter
83.3%
19TIE advanced
81.6%
14Imperial Star Destroyer
78.9%
13Millennium Falcon
69.9%
18RZ-1 A wing interceptor
64.5%
5Escape pod
59.7%
2Naboo Royal N-1 Starfighter
55.3%
4Slave I
54.3%
10B-wing starfighter
53.6%
# Starship % Correct
3Executor-class Star Dreadnought
45.5%
7Imperial Shuttle
44.3%
11Jedi starfighter
41.2%
8Droid starfighter
35.1%
17Tantive IV
34%
16Rebel transport
32.9%
12EF-76 Nebulon B escort frigate
27.9%
6ARC-170 starfighter
18.1%
9J-type 327 Nubian royal starship
14.9%
15Trade Federation landing craft
11.1%

You're not logged in!

Compare scores with friends on all Sporcle quizzes.
Join for Free
OR
Log In

You Might Also Like...

Show Comments

Extras

Top Quizzes Today


Score Distribution

Your Account Isn't Verified!

In order to create a playlist on Sporcle, you need to verify the email address you used during registration. Go to your Sporcle Settings to finish the process.

Report this User

Report this user for behavior that violates our Community Guidelines.

Details: